| 000 | 00535nam a2200193 4500 | ||
|---|---|---|---|
| 001 | 85719) | ||
| 003 | BD-RjUL | ||
| 005 | 20250916103900.0 | ||
| 008 | 250916s1956 pk ||||| |||| 00| 0 urd d | ||
| 035 | _a(BD-RjUL) 85719) | ||
| 040 |
_aBD-RjUL _beng _cBD-RjUL |
||
| 041 | _aurd | ||
| 082 |
_223 _a891.439 _bAZH 1956 |
||
| 245 |
_aهمارے دستانی ;; hamare dastani / _cوقار عظیم ;; waqar azeem |
||
| 260 |
_aLahore: _bAsraf press, 1 _c1956 |
||
| 300 |
_a456 P. ; _c17 cm |
||
| 650 | _aurdu literature | ||
| 942 |
_2ddc _cBK |
||
| 999 |
_c85719 _d85719 |
||